000 00347nam a2200133Ia 4500
005 20260328101528.0
008 260328s9999||||xx |||||||||||||| ||und||
100 _aUtzon, Jorn
245 0 _aJorn Utzon Houses :
_b Photographed by Per Nagel /
_cJorn Utzon
260 _bLiving Architecture
300 _a204 p.
650 _aARQUITECTOS
942 _cBK
999 _c9886
_d9886